| 000 | 00484nam a2200181Ia 4500 | ||
|---|---|---|---|
| 001 | 10947 | ||
| 005 | 20260306161910.0 | ||
| 008 | 260306t2010||||xx |||||||||||||| ||spa|| | ||
| 041 | _aESP | ||
| 082 |
_a985.08 _bO57 |
||
| 100 |
_aO´Phelan Godoy, Scarlett _eAUT |
||
| 245 | 0 | _aEl director supremo de Chile don Bernardo O´Higgins y sus estancias en el Perú | |
| 260 | _c2010 | ||
| 300 |
_a111 páginas : _c26 cm. |
||
| 650 | _aGEN | ||
| 654 | _aCHU | ||
| 942 |
_cLIB _dJUS _fJUS _2ddc _n |
||
| 999 |
_c10947 _d10947 |
||